| 000 | 00639cam a2200145 4500500 | ||
|---|---|---|---|
| 005 | 20251228083153.0 | ||
| 041 | _afre | ||
| 042 | _adc | ||
| 100 | 1 | 0 |
_aCourtès, Noémie _eauthor |
| 245 | 0 | 0 | _aNoël de Hauteroche, Théâtre complet, éd. critique par André Blanc, Paris, Classiques Garnier, collection « Bibliothèque du théâtre français », 2014, 665 p. + 611 p., 2 vol., 22 x 15 cm. |
| 260 | _c2016. | ||
| 500 | _a88 | ||
| 786 | 0 | _nDix-septième siècle | 271 | 2 | 2016-05-20 | p. 353c-364c | 0012-4273 | |
| 856 | 4 | 1 | _uhttps://shs.cairn.info/revue-dix-septieme-siecle-2016-2-page-353c?lang=fr&redirect-ssocas=7080 |
| 999 |
_c1600750 _d1600750 |
||